书目信息 |
| 书名: | The Canadian Fact Book on Poverty | |
| 作者: | by David P.Ross,Katherine J.Scott and Peter J.Smith. | |
| 分册号: | ||
| 分册名: | 出版地: | CANADIAN : |
|
| 出版社: | COUNCIL ON SOCIAL DEVELOPMENT | |
| 出版时间: | 2000. | |
| 页数: | 183 p. ; | |
| 开本: | 20cm. | |
| 丛书名: | ||
| 中图分类号: | ||
| 科图分类号: | ||
| 其他分类号: | D771.1 | |
| 主题词: | ||
| 电子资源: | ||
| 000 | 00517nam 2200157 a 4500 | |
| 001 | E0730225812 | |
| 005 | 20070714082747.21 | |
| 008 | 070714s2000 00010 eng | |
| 020 | @a0-88810-472-3. | |
| 040 | @aPFT@beng | |
| 090 | @aD771.1 | |
| 099 | @dD771.1@ex180 | |
| 245 | 1 | @aThe Canadian Fact Book on Poverty / @cby David P.Ross,Katherine J.Scott and Peter J.Smith. |
| 260 | @aCANADIAN :@bCOUNCIL ON SOCIAL DEVELOPMENT,@c2000. | |
| 300 | @a183 p. ;@c20cm. | |
| 700 | @aby Ross,David P.,Scott,Katherine J. and Smith,Peter J. | |
| The Canadian Fact Book on Poverty / / by David P.Ross,Katherine J.Scott and Peter J.Smith.-CANADIAN : : COUNCIL ON SOCIAL DEVELOPMENT, , 2000. |
| 183 p. ; ; 20cm. |
| ISBN 0-88810-472-3. |
| ● |
| 相关链接 |
|
|
|
|
正题名:The Canadian Fact Book on Poverty
索取号:D771.1/x180
 
预约/预借
| 序号 | 登录号 | 条形码 | 馆藏地/架位号 | 状态 | 备注 |
| 1 | 13043 | 300130436 | 第二样本阅览室/ [索取号:D771.1/x180] | 在馆 | |
| 2 | 13044 | 300130445 | 第四借阅区/ [索取号:D771.1/x180] | 在馆 | |
| 3 | 13045 | 300130454 | 第四借阅区/ [索取号:D771.1/x180] | 在馆 | |
| 4 | 13046 | 300130463 | 第四借阅区/ [索取号:D771.1/x180] | 在馆 |